000 00974nam a2200265 a 4500
003 DO-SdBNP
005 20211001153803.0
007 ta
008 211001e2017 dr a|||grc||| 001 0dspa d
040 _aDO-SdBNP
_bspa
_cBNPHU
082 4 _bL792o
_222
100 1 _aLlort, Julio
_924581
245 0 3 _aEl otro Julio Llort:
_bpinturas dibujos /
_cJulio Llort; Marianne de Tolentino, textos; Mariano Hernández, Ariel Martes, fotogr.;
260 _aSanto Domingo :
_bGalería Nacional Bellas Artes, Palacio de Bellas Artes,
_c2017
300 _a129 p. :
_bil.;
_c28 cm.
500 _aIncluye biografía del autor la cubierta.
590 _aInventariado 2021 / MF
600 0 _924581
_aLlort, Julio
650 4 _aPintura
_xExposiciones
_980083
650 4 _aArte dominicano
_xExposiciones
_954101
700 1 2 _973333
_aTolentino, Marianne de,
_d1951-
_etextos.
700 1 2 _978369
_aHernández, Mariano
_efotogr.
700 1 2 _aMartes, Ariel,
_efotogr.
_980078
942 _2ddc
_cLBS1
999 _c50680
_d50680